| 000 | 00440 a2200157 4500 | ||
|---|---|---|---|
| 001 | 193201 | ||
| 020 | _a978-85-360-1125-7 | ||
| 040 | _cMagnum | ||
| 100 | _aGigante, Ana Maria Beltrão | ||
| 240 | 1 | 0 |
_aPráticas pedagógicas em matemática: espaço, tempo e corporeidade _lpor |
| 245 | 1 | 0 | _aPráticas pedagógicas em matemática: espaço, tempo e corporeidade |
| 300 | _a120 | ||
| 362 | 0 | _a2012 | |
| 697 | _aMATEMÁTICA | ||
| 942 | _cBK | ||
| 999 |
_c193201 _d193201 |
||